[Event "HUN-ch"]
[Site "?"]
[Date "1992.??.??"]
[Round "11"]
[White "Chernin, Alexander"]
[Black "Szekely, Peter"]
[Result "1/2-1/2"]
[WhiteElo "2600"]
[BlackElo "2435"]

1.d4 Nf6 2.c4 g6 3.Nc3 Bg7 4.e4 d6 5.Nf3 O-O 6.Be2 e5 7.O-O exd4 8.Nxd4 Re8
9.f3 c6 10.Kh1 Nbd7 11.Bg5 h6 12.Bh4 a6 13.Rc1 Qe7 14.Rc2 Qf8 15.Bf2 Nh5
16.Re1 Ne5 17.Rd2 Nf4 18.Bf1 b5 19.Be3 Ne6 20.cxb5 axb5 21.Nc2 f5 22.exf5 gxf5
23.Rxd6 b4 24.Nb1 Rxa2 25.Bc1 Kh7 26.Rd2 Ra5 27.b3 Nc7 28.Bb2 Rd5 29.Ne3 Rxd2
30.Nxd2 Nb5 31.Qc1 Nc3 32.Nec4 Nxc4 33.Nxc4 Rxe1 34.Qxe1 Qf6 35.Bd3 Bd7 36.Bc1 Kh8
37.Be3 Be6 38.Bc5 Nd5 39.Bg1 Bf7 40.Bc2 Kg8 41.Qb1 Nc3 42.Qf1 Nb5 43.Bd3 Na3
44.Ne3 Be6 45.Qd1 c5 46.f4 Qf7 47.Qf3 c4 48.bxc4  1/2-1/2

[Event "HUN-chT"]
[Site "HUN"]
[Date "1992.??.??"]
[Round "?"]
[White "Csiszar, Csaba"]
[Black "Mullner, Imre"]
[Result "1-0"]
[WhiteElo "2240"]
[BlackElo "2230"]

1.d4 Nf6 2.c4 g6 3.Nc3 Bg7 4.e4 d6 5.Be2 O-O 6.Nf3 Nbd7 7.O-O e5 8.Be3 Ng4
9.Bg5 f6 10.Bh4 Re8 11.h3 Nh6 12.d5 Nf8 13.Nd2 g5 14.Bg3 Ng6 15.b4 Nf4 16.Rc1 f5
17.exf5 Bxf5 18.Nde4 a5 19.a3 axb4 20.axb4 Nf7 21.Re1 Ra3 22.Bf1 h5 23.f3 Kh8
24.c5 Rg8 25.Nb5 Ra8 26.cxd6 cxd6 27.Rc7 Bd7 28.Rxb7 Rb8 29.Nbxd6 Nxd6 30.Nxd6 Rf8
31.Rxb8 Qxb8 32.Ne4 Qxb4 33.Nxg5 Ba4 34.Qc1 Nxd5 35.Re4 Qb6+ 36.Bf2 Qc6 37.Qa3 Bb5
38.Bxb5 Qxb5 39.Qd6 Nc3 40.Qg6  1-0

[Event "HUN-chT"]
[Site "HUN"]
[Date "1992.??.??"]
[Round "?"]
[White "Horvath, Csaba"]
[Black "Balogh, Bela"]
[Result "1-0"]
[WhiteElo "2485"]
[BlackElo "2260"]

1.d4 Nf6 2.c4 g6 3.Nc3 Bg7 4.e4 d6 5.Be2 Nbd7 6.Nf3 e5 7.O-O O-O 8.Qc2 c6
9.Rd1 Re8 10.d5 c5 11.a3 Rf8 12.b4 Ne8 13.g3 h6 14.Bd2 a6 15.Rab1 Qc7 16.Rb3 cxb4
17.axb4 Nb6 18.c5 Nd7 19.Na4 b5 20.Nb2 dxc5 21.bxc5 Qxc5 22.Rc3 Qa7 23.Rxc8 Rxc8
24.Qxc8 Nef6 25.Qc2 Ng4 26.Be1 Nb6 27.h3 Rc8 28.Qb1 Nf6 29.Bd2 Ne8 30.Rc1 Qb8
31.Nd3 Rxc1+ 32.Qxc1 f5 33.Nc5 fxe4 34.Nxe4 Nxd5 35.Bxh6 Qc7 36.Qg5 Nd6 37.Bd3 Nf7
38.Qxg6 Nxh6 39.Qe8+ Bf8 40.Qe6+ Qf7 41.Qxd5 Qxd5 42.Nf6+ Kf7 43.Nxd5 Bd6
44.Ng5+ Ke8 45.Ne4 Kd7 46.Ndf6+ Kc6 47.Nxd6 Kxd6 48.g4 Ke6 49.g5 Nf5 50.Ne8  1-0

[Event "HUN-chT"]
[Site "HUN"]
[Date "1992.??.??"]
[Round "?"]
[White "Horvath, Jozsef M"]
[Black "Szekely, Peter"]
[Result "1-0"]
[WhiteElo "2225"]
[BlackElo "2450"]

1.d4 Nf6 2.c4 g6 3.Nc3 Bg7 4.e4 d6 5.Nf3 O-O 6.Be2 e5 7.O-O Nbd7 8.Be3 c6
9.d5 c5 10.Ne1 Ne8 11.g4 Qe7 12.Kh1 f5 13.gxf5 gxf5 14.exf5 Ndf6 15.Nf3 Bxf5
16.Ng5 Nc7 17.Rg1 Kh8 18.Rg3 b6 19.Qg1 e4 20.Qg2 Rg8 21.Bf4 Raf8 22.Re1 Nd7
23.Bg4 Bxg4 24.Rxe4 Be5 25.Bxe5+ Nxe5 26.Rgxg4 Qd7 27.Rg3 Rg7 28.f4 Ng6 29.Ne6 Nxe6
30.dxe6 Qb7 31.Nd5 Qa8 32.e7  1-0

[Event "HUN-chT"]
[Site "HUN"]
[Date "1992.??.??"]
[Round "?"]
[White "Horvath, Jozsef M"]
[Black "Seres, Lajos"]
[Result "0-1"]
[WhiteElo "2225"]
[BlackElo "2265"]

1.d4 Nf6 2.c4 g6 3.Nc3 Bg7 4.e4 d6 5.Nf3 O-O 6.Be2 e5 7.O-O Na6 8.Be3 Ng4
9.Bg5 f6 10.Bc1 c6 11.d5 c5 12.Ne1 Nh6 13.Nd3 f5 14.a3 Nf7 15.b4 b6 16.Rb1 Nc7
17.Bd2 Ne8 18.a4 Nf6 19.exf5 Bxf5 20.bxc5 bxc5 21.Rb7 Qc8 22.Rb5 e4 23.Nf4 Ne5
24.Rb3 h6 25.Nb5 Ne8 26.a5 g5 27.Nh5 Bh8 28.Ng3 Bh7 29.Re3 Rf4 30.Nh5 Rh4
31.Ng3 Qd7 32.Bc3 a6 33.Na3 Rb8 34.Nb1 Nf3+ 35.Bxf3 exf3 36.Qxf3 Rf4 37.Qe2 Bxb1
38.Bxh8 Kxh8 39.Re7 Qc8 40.Nh5 Rf8 41.Qe3 Qg4 42.Ng3 Ng7 43.Ra7 Rfe8 44.Qc3 Qd4
45.Qa3 Bd3 46.Rd1 Bxc4 47.Qc1 Bd3  0-1

[Event "HUN-chT"]
[Site "HUN"]
[Date "1992.??.??"]
[Round "?"]
[White "Farago, Ivan"]
[Black "Bilek, Istvan"]
[Result "1-0"]
[WhiteElo "2520"]
[BlackElo "2345"]

1.d4 g6 2.c4 Bg7 3.e4 d6 4.Nc3 Nf6 5.Be2 Nbd7 6.Nf3 O-O 7.O-O e5 8.Be3 Qe7
9.Qc2 c6 10.d5 c5 11.Bg5 h6 12.Bh4 g5 13.Bg3 Nh5 14.Nd1 Ndf6 15.Nd2 Nf4 16.Re1 h5
17.f3 Bh6 18.Bf1 Ne8 19.Ne3 Ng7 20.Bf2 f5 21.g3 fxe4 22.gxf4 gxf4 23.Ng2 e3
24.Bh4 Bg5 25.Bxg5 Qxg5 26.Ne4 Qe7 27.b4 b6 28.bxc5 bxc5 29.Re2 Nf5 30.Ne1 Kh8
31.Rg2 Bd7 32.Rb1 Nd4 33.Qd3 Bf5 34.Kh1 Rg8 35.Rbb2 Qh4 36.Qd1 Rad8 37.Rxg8+ Rxg8
38.Nxd6 Qxe1 39.Qxe1 Nxf3 40.Qg3 fxg3 41.Nxf5 gxh2 42.Bg2  1-0

[Event "HUN-chT"]
[Site "HUN"]
[Date "1992.??.??"]
[Round "?"]
[White "Karolyi, Tibor Jr"]
[Black "Balogh, Bela"]
[Result "1/2-1/2"]
[WhiteElo "2365"]
[BlackElo "2260"]

1.d4 Nf6 2.c4 g6 3.Nc3 Bg7 4.e4 d6 5.Nf3 O-O 6.Be2 e5 7.O-O exd4 8.Nxd4 Re8
9.f3 Nc6 10.Be3 a6 11.Qd2 Ne5 12.Rfd1 c5 13.Nc2 Be6 14.b3 Qa5 15.Na4 Qxd2
16.Rxd2 b5 17.cxb5 axb5 18.Bxb5 Reb8 19.Be2 c4 20.Nb6 cxb3 21.axb3 Rxa1+
22.Nxa1 Nfd7 23.Nxd7 Nxd7 24.Bd4 Ra8 25.Bxg7 Kxg7 26.Rd1 Ra2 27.Bb5 Rb2 28.Bxd7 Bxd7
29.Rxd6 Bb5 30.Rd1 Be2 31.Rc1 Bd3 32.h4 f5 33.exf5 gxf5 34.Rc3 Bb1 35.Kh2 f4
36.Rc4 Kf6 37.Rxf4+ Ke5 38.Rc4 Bd3 39.Rc1 Kf4 40.b4 Rxb4 41.Nc2 Ra4 42.g3+ Kxf3
43.Ne1+ Kg4 44.Nxd3 Ra2+ 45.Kg1 Kxg3 46.h5 Ra5 47.Nc5 Kg4 48.h6 Kh5 49.Kg2 Kxh6
50.Kg3 Kg6 51.Kg4 Rb5 52.Ne4 Rb6 53.Rc5 h6 54.Kf4 Re6 55.Rc2 Rb6 56.Rg2+ Kf7
57.Kf5 Rb5+ 58.Kg4 Rb4 59.Rf2+ Kg7 60.Kf4 Ra4 61.Rd2 Ra6 62.Kf5 Ra5+ 63.Ke6 Ra6+
64.Nd6 Kg6 65.Rg2+ Kh5 66.Kf5 Ra5+ 67.Kf4 Rg5 68.Ra2 Rg4+ 69.Kf3 Rb4 70.Ra6 Kg6
71.Ne4+ Kf5 72.Ng3+ Kg5 73.Ra5+ Kg6 74.Nh5 Rb1 75.Nf4+ Kf6 76.Ra6+ Kf5 77.Nd5 Rf1+
78.Kg2 Rb1 79.Rxh6 Ke5 80.Ne3 Ke4 81.Re6+ Kd3 82.Kf3 Rb8 83.Rd6+ Kc3 84.Rd7 Rf8+
85.Ke2 Rc8 86.Nd5+ Kc2 87.Ke3 Ra8 88.Kd4 Rh8 89.Nf6 Kd2 90.Rg7 Kc2 91.Rg3 Kb2
92.Ne4 Rd8+ 93.Kc4 Kc2 94.Rg2+ Kd1 95.Ng3 Rc8+ 96.Kd3 Rd8+ 97.Ke3 Kc1 98.Nf5 Re8+
99.Kd3 Rh8 100.Re2 Kb1 101.Ne3 Rc8 102.Nc4 Rh8 103.Kc3 Rh3+ 104.Ne3 Rh8 105.Nd5 Ka1
106.Nb4 Rc8+ 107.Kb3 Kb1 108.Nd5 Kc1 109.Rh2  1/2-1/2

[Event "HUN-chT"]
[Site "HUN"]
[Date "1992.??.??"]
[Round "?"]
[White "Banas, Jan"]
[Black "Portisch, Ferenc"]
[Result "1/2-1/2"]
[WhiteElo "2385"]
[BlackElo "2410"]

1.c4 g6 2.e4 Bg7 3.d4 d6 4.Nc3 Nf6 5.Be2 O-O 6.Nf3 e5 7.d5 a5 8.Be3 Ng4 9.Bg5 f6
10.Bh4 Nh6 11.Nd2 g5 12.Bg3 f5 13.f3 g4 14.fxg4 Nxg4 15.Bxg4 fxg4 16.Qe2 Na6
17.O-O-O Qg5 18.Kb1  1/2-1/2

[Event "HUN-chT"]
[Site "HUN"]
[Date "1992.??.??"]
[Round "7"]
[White "Orgovan, Sandor"]
[Black "Soos, Arpad"]
[Result "1-0"]
[WhiteElo "2385"]
[BlackElo "2315"]

1.d4 Nf6 2.Nf3 g6 3.c4 Bg7 4.Nc3 O-O 5.e4 d6 6.Be2 e5 7.Be3 exd4 8.Nxd4 Nc6
9.O-O Ng4 10.Bxg4 Bxg4 11.Nxc6 Bxd1 12.Nxd8 Bc2 13.Nxb7 a5 14.Rac1 Bd3 15.Rfd1 Bxc4
16.b3 Be6 17.Nd5  1-0

[Event "HUN-chT"]
[Site "HUN"]
[Date "1992.??.??"]
[Round "8"]
[White "Hever, Miklos"]
[Black "Kecskes, Gabor"]
[Result "1-0"]
[WhiteElo "2310"]
[BlackElo "2215"]

1.Nf3 Nf6 2.c4 g6 3.d4 Bg7 4.Nc3 O-O 5.e4 d6 6.Be2 e5 7.dxe5 dxe5 8.Qxd8 Rxd8
9.Bg5 c6 10.O-O Bg4 11.Rad1 Na6 12.Be3 Bxf3 13.Bxf3 b6 14.a3 Nc7 15.c5 b5
16.Rd6 Rxd6 17.cxd6 Nce8 18.Rd1 Rd8 19.Bxa7 Rxd6 20.Ra1 Nd7 21.a4 bxa4 22.Nxa4 Nc7
23.Nb6 Nxb6 24.Bxb6 Ne6 25.Bg4 Bf6 26.Bxe6 Rxe6 27.Ra8+ Kg7 28.Bc5 Be7 29.b4 h5
30.Rc8 Kf6 31.Kf1 h4 32.h3 Bxc5 33.bxc5 Kg5 34.g3 hxg3 35.fxg3 f5 36.Ke2 f4
37.Kf3 fxg3 38.Kxg3 Kf6 39.Kg4 Ke7 40.Kg5 Kf7 41.Rc7+ Kf8 42.Rh7 Kg8 43.Rh6 Kg7
44.h4 Kf7 45.h5 gxh5 46.Rxe6 Kxe6  1-0

[Event "Huy op"]
[Site "Huy"]
[Date "1992.??.??"]
[Round "7"]
[White "Komarov, Dimitri"]
[Black "Vetemaa, Juri"]
[Result "1-0"]
[WhiteElo "2460"]
[BlackElo "2390"]

1.d4 Nf6 2.Nf3 g6 3.c4 Bg7 4.Nc3 O-O 5.e4 d6 6.Be2 Nbd7 7.O-O e5 8.Be3 c6
9.d5 c5 10.Nd2 Ne8 11.g4 f5 12.gxf5 gxf5 13.exf5 Rxf5 14.Kh1 Nf8 15.Rg1 Nf6
16.Nde4 Nxe4 17.Nxe4 Ng6 18.Bg4 Rf8 19.Ng5 Bf5 20.Ne6 Qf6 21.Nxf8 Rxf8 22.Bxf5 Qxf5
23.Qg4  1-0

[Event "Hyeres op"]
[Site "Hyeres"]
[Date "1992.??.??"]
[Round "?"]
[White "Van Wely, Loek"]
[Black "Belkhodja, Slim"]
[Result "1-0"]
[WhiteElo "2525"]
[BlackElo "2415"]

1.d4 Nf6 2.c4 d6 3.Nf3 g6 4.Nc3 Bg7 5.e4 O-O 6.Be2 e5 7.O-O c6 8.d5 b5 9.dxc6 bxc4
10.Qa4 Qe8 11.Nd5 Be6 12.Qxc4 Kh8 13.Ng5 Nxc6 14.Nxe6 fxe6 15.Nc7 Qd7 16.Nxa8 Rxa8
17.Be3 d5 18.exd5 exd5 19.Qh4 Ne7 20.Bh6 Nf5 21.Bxg7+ Kxg7 22.Qb4 Nd4 23.Bd1 Rf8
24.Rc1 Rf7 25.Qb8 Qe7 26.Rc8 Kh6 27.b4 Ne4 28.Re8 Qg5 29.Rxe5 Qd2 30.Qd8 Qf4
31.Re7 Qg5 32.Re8 Qf4 33.g3 Qf5 34.Qh4+ Kg7 35.Re7  1-0

[Event "Iraklion op"]
[Site "Iraklion"]
[Date "1992.??.??"]
[Round "5"]
[White "Palatnik, Semon"]
[Black "Gofshtein, Leonid D"]
[Result "1/2-1/2"]
[WhiteElo "2510"]
[BlackElo "2485"]

1.d4 d6 2.Nf3 Nf6 3.c4 g6 4.Nc3 Bg7 5.e4 O-O 6.Be2 e5 7.d5 a5 8.Bg5 h6 9.Bh4 Na6
10.Nd2 Qe8 11.a3 Bd7 12.b3 Nh7 13.O-O f5 14.exf5 Bxf5 15.g4 e4 16.Rc1 g5
17.gxf5 gxh4 18.Ndxe4 Rxf5 19.Bg4 Rf4 20.Be6+ Kh8 21.f3 Qg6+ 22.Kh1 Raf8
23.Qe2 Qh5 24.Bg4 Qe5 25.Qd3 Nf6 26.Nxf6 R4xf6 27.Rce1 Nc5 28.Qc2 Qg5 29.Ne4 Nxe4
30.Rxe4 Rf4 31.Qe2 Be5 32.Rxf4 Qxf4 33.a4 Qd4 34.Rd1 Qf4 35.Qd2  1/2-1/2

[Event "Iraklion op"]
[Site "Iraklion"]
[Date "1992.??.??"]
[Round "6"]
[White "Djuric, Stefan"]
[Black "Zygouris, Hristos"]
[Result "1-0"]
[WhiteElo "2535"]
[BlackElo "2210"]

1.Nf3 Nf6 2.c4 g6 3.Nc3 Bg7 4.e4 d6 5.d4 O-O 6.Be2 e5 7.d5 a5 8.Nd2 Kh8 9.h4 Ng8
10.h5 Qe8 11.Nf3 Nd7 12.Ng5 Ndf6 13.Nb5 Qe7 14.hxg6 fxg6 15.Bg4 c6 16.Nc3 Bh6
17.Bxc8 Bxg5 18.Bxg5 Raxc8 19.Qe2 Kg7 20.Qe3 Qf7 21.f3 cxd5 22.cxd5 Rc5 23.Qd2 Rfc8
24.a4 Ne8 25.Qd3 Rc4 26.Bd2 Qc7 27.Nb5 Qe7 28.Na7 R8c5 29.Be3 Qc7 30.Nb5 Rc1+
31.Bxc1 Rxc1+ 32.Kd2  1-0

[Event "Iraklion op"]
[Site "Iraklion"]
[Date "1992.??.??"]
[Round "7"]
[White "Maksimovic, Branimir"]
[Black "Kofidis, Andreas"]
[Result "1-0"]
[WhiteElo "2345"]
[BlackElo "2350"]

1.d4 Nf6 2.c4 g6 3.Nc3 Bg7 4.e4 d6 5.Be2 O-O 6.Nf3 Nbd7 7.O-O e5 8.Qc2 Re8
9.Rd1 c6 10.d5 c5 11.a3 a6 12.b4 b6 13.Rb1 Qc7 14.Bd2 Bb7 15.Rb2 Reb8 16.Rdb1 Bc8
17.Ne1 Ne8 18.Bd3 Bf6 19.Qd1 Ng7 20.Nc2 Bd8 21.Ne3 Nf6 22.Qc2 Ngh5 23.g3 Bd7
24.Be2 Qc8 25.Ncd1 Ng7 26.bxc5 bxc5 27.f4 exf4 28.gxf4 Nfh5 29.Ng2 Rxb2 30.Qxb2 Bc7
31.Nf2 Rb8 32.Qc2 f5 33.Bc3 fxe4 34.Nxe4 Bf5 35.Bd3 Bxe4 36.Rxb8 Qxb8 37.Bxe4 Qc8
38.Bf3 Bd8 39.Qe2 Nf6 40.Ne3 h5 41.Qg2 Kf7 42.Bd1 Nf5 43.Bc2 Nh4 44.Qg3 Ng4
45.f5 gxf5 46.Nxg4 hxg4 47.Qxd6 Bg5 48.Kf2 Nf3 49.Ba4 Be7 50.Qh6 Nd4 51.Qh7+ Kf6
52.Qh4+ Kf7 53.Qh5+ Kf6 54.Be8 Ke5 55.Qf7 Bh4+ 56.Ke3 Bg5+ 57.Kd3 Kf4 58.Bxd4 cxd4
59.Bd7  1-0

[Event "ISR-ch"]
[Site "ISR"]
[Date "1992.??.??"]
[Round "1"]
[White "Shvidler, Eliahu"]
[Black "Stepak, Yedael"]
[Result "1-0"]
[WhiteElo "2445"]
[BlackElo "2285"]

1.c4 g6 2.Nc3 Bg7 3.Nf3 Nf6 4.d4 O-O 5.e4 d6 6.Be2 e5 7.dxe5 dxe5 8.Qxd8 Rxd8
9.Bg5 Re8 10.Nd5 Nxd5 11.cxd5 c6 12.Bc4 cxd5 13.Bxd5 Nc6 14.Bd2 Be6 15.Bxe6 Rxe6
16.Ke2 f5 17.Be3 Nd4+ 18.Kd3 Rd8 19.Bxd4 fxe4+ 20.Kxe4 exd4+ 21.Kd3 Rb6 22.Rab1 Ra6
23.a3 Rb6 24.Rhd1 Rc8 25.Ne1 Rb3+ 26.Ke2 Re8+ 27.Kf1 Rc8 28.Rd3 Rb5 29.Ke2 a5
30.Kd1 Rc3 31.Rg3 a4 32.Nc2 Rxg3 33.hxg3 Rb3 34.Na1 Rb5 35.Nc2 Rb3 36.Na1 Rb5
37.Ke2 Bf8 38.Nc2 Bc5 39.Kd3 Bb6 40.Nb4 Rf5 41.f4 Rc5 42.Re1 Kf7 43.Re5 Rxe5
44.fxe5 Ke6 45.Ke4 d3 46.Nxd3 g5 47.g4 Bg1 48.Ne1 Bh2 49.Nf3 Bf4 50.Nd4+ Kd7
51.Ne2 Bd2 52.Kd3 Be1 53.Nc3 Kc6 54.Nxa4 Kd5 55.e6 Kxe6 56.Nc5+ Ke5 57.Nxb7 Kf4
58.a4 Kxg4 59.a5 Kg3 60.b4  1-0

[Event "ISR-ch"]
[Site "ISR"]
[Date "1992.??.??"]
[Round "4"]
[White "Zilberman, Yaacov"]
[Black "Stepak, Yedael"]
[Result "1-0"]
[WhiteElo "2490"]
[BlackElo "2285"]

1.d4 Nf6 2.c4 g6 3.Nc3 Bg7 4.e4 d6 5.Be2 O-O 6.Nf3 e5 7.d5 a5 8.Bg5 h6 9.Bh4 Na6
10.Nd2 Nc5 11.O-O Qe8 12.Rb1 g5 13.Bg3 Nfxe4 14.Ndxe4 Nxe4 15.Nxe4 f5 16.Nc3 f4
17.Bg4 fxg3 18.hxg3 Bf5 19.Bxf5 Rxf5 20.Ne4 b6 21.g4 Rf4 22.Qe2 Qd7 23.f3 Qa4
24.b3 Qd7 25.a3 Rff8 26.Rfc1 Ra7 27.Qd3 Rf4 28.b4 axb4 29.axb4 Rf8 30.c5 bxc5
31.bxc5 dxc5 32.Nxc5 Qf7 33.Ne6 Rfa8 34.Rc6 Bf8 35.Nxf8 Qxf8 36.Rbc1 Qf7
37.Rg6+ Kf8 38.Rxh6 Ra1 39.Qc3 Rxc1+ 40.Qxc1 Qg7 41.Qc6 Ra1+ 42.Kh2 Rc1 43.Qe6  1-0

[Event "ISR-ch"]
[Site "ISR"]
[Date "1992.??.??"]
[Round "10"]
[White "Zilberman, Yaacov"]
[Black "Lev, Ronen"]
[Result "0-1"]
[WhiteElo "2490"]
[BlackElo "2455"]

1.d4 Nf6 2.c4 g6 3.Nc3 Bg7 4.e4 O-O 5.Nf3 d6 6.Be2 e5 7.O-O Na6 8.d5 Nc5
9.Qc2 a5 10.Bg5 h6 11.Be3 Ng4 12.Bxc5 dxc5 13.h3 Nf6 14.Nxe5 Nxd5 15.cxd5 Bxe5
16.f4 Bd4+ 17.Kh2 Qh4 18.Rf3 g5 19.Raf1 gxf4 20.Kh1 Be5 21.Bd3 b6 22.Ne2 Bg4
23.Rxf4 Bxf4 24.Rxf4 Qe1+ 25.Ng1 Bd7 26.Kh2 Rae8 27.Rf6 Qe3 28.Rf3 Qd4 29.Qc1 f5
30.Qxh6 Qh8 31.Rg3+ Kf7 32.Qg6+ Ke7 33.exf5 Kd8 34.Qg5+ Kc8 35.Nf3 Qxb2 36.Qf4 Qc3
37.Ba6+ Kd8 38.Rg6 Rf6 39.Rg7 Rd6 40.Ng5 Qxg7 41.Ne6+ Bxe6 42.dxe6 Qd4 43.Qg3 Qf6
44.Qf4 Qd4 45.Qf3 Qe5+ 46.Kg1 c6 47.Bf1 Rf8 48.Qb3 Kc7 49.g4 Rd2 50.Bg2 Rfd8  0-1

[Event "Karvina op"]
[Site "Karvina"]
[Date "1992.??.??"]
[Round "3"]
[White "Burmakin, Vladimir"]
[Black "Oral, Tomas"]
[Result "1/2-1/2"]
[WhiteElo "2375"]
[BlackElo "2320"]

1.d4 Nf6 2.Nf3 g6 3.c4 Bg7 4.Nc3 O-O 5.e4 d6 6.Be2 e5 7.dxe5 dxe5 8.Bg5 c6
9.Qxd8 Rxd8 10.Nxe5 Re8 11.O-O-O Na6 12.Rd6 Be6 13.Nf3 Nc5 14.Bxf6 Bxf6 15.e5 Bg7
16.Rhd1 Bg4 17.b4 Bxf3 18.Bxf3 Bxe5 19.bxc5 Bxc3 20.Rd7 Rab8 21.Kc2 Bb4 22.Rb1 a5
23.Rb3 Rec8 24.Kb2 Rd8 25.Rxd8+ Rxd8 26.a3 Bxc5 27.Rxb7 Rd2+ 28.Kc3 Rxf2
29.Bxc6 Bxa3 30.Kb3 Bd6 31.h3 Re2 32.Bd5 Re3+ 33.Ka4 Ra3+ 34.Kb5 Rb3+ 35.Kxa5 Rxb7
36.Bxb7 Kf8 37.Kb6 Ke7 38.Bd5 Bg3 39.Kc6 h5  1/2-1/2

[Event "Karvina op"]
[Site "Karvina"]
[Date "1992.??.??"]
[Round "4"]
[White "Gross, Stefan"]
[Black "Shtyrenkov, Veniamen"]
[Result "1/2-1/2"]
[WhiteElo "2370"]
[BlackElo "2440"]

1.Nf3 d6 2.d4 Nf6 3.c4 g6 4.Nc3 Bg7 5.e4 O-O 6.Be2 e5 7.Be3 Nbd7 8.d5 Ng4
9.Bg5 f6 10.Bh4 Nh6 11.Nd2 Nf7 12.b4 h5 13.f3 Bh6 14.Nb3 Bg5 15.Bf2 f5 16.Qc2 Nf6
17.Bd3 Qe7 18.O-O f4 19.Rfc1 Ne8 20.Kf1 Bh4 21.c5 Bxf2 22.Qxf2 g5 23.h3 g4
24.hxg4 hxg4 25.Ke2 g3 26.Qg1 Kg7 27.Nd2 Rh8 28.Nf1 Qh4 29.cxd6 cxd6 30.Nb5 Qh1
31.Nd2 Qxg1 32.Rxg1 Rh2 33.Nf1  1/2-1/2

[Event "Karvina op"]
[Site "Karvina"]
[Date "1992.??.??"]
[Round "7"]
[White "Henc, Renata"]
[Black "Zontek, Sebastian"]
[Result "1-0"]
[WhiteElo "2105"]
[BlackElo "2215"]

1.d4 Nf6 2.Nf3 g6 3.c4 Bg7 4.Nc3 O-O 5.e4 d6 6.Be2 e5 7.d5 a5 8.Bg5 Na6 9.Nd2 Qe8
10.a3 Bd7 11.b3 h6 12.Be3 Nh7 13.O-O f5 14.f3 f4 15.Bf2 h5 16.Rb1 g5 17.b4 axb4
18.axb4 Qg6 19.c5 g4 20.c6 bxc6 21.dxc6 Be6 22.Nd5 Bxd5 23.exd5 g3 24.Be1 gxh2+
25.Kxh2 Nf6 26.Ne4 Nxe4 27.Bd3 Nc3 28.Bxc3 Qg3+ 29.Kh1 h4 30.Be1 Qg5 31.Qe2 Nb8
32.Qe4 Ra2 33.Qh7+ Kf7 34.Qf5+ Bf6 35.Qxg5 Bxg5 36.b5 h3 37.gxh3 Rg8 38.Bf5 Kf6
39.Be6 Rg7 40.Bg4 Re7 41.Rf2 Ra3 42.Re2 Rd3 43.Rd2 Rc3 44.Ra2 Rd3 45.Ra8 Nxc6
46.dxc6 d5 47.h4 Bh6 48.b6 cxb6 49.Rxb6 Rc7 50.Ra7 Rd1  1-0

[Event "Karvina op"]
[Site "Karvina"]
[Date "1992.??.??"]
[Round "8"]
[White "Kachur, Alexander"]
[Black "Ryskin, Alexander"]
[Result "1/2-1/2"]
[WhiteElo "2315"]
[BlackElo "2445"]

1.d4 Nf6 2.Nf3 g6 3.c4 Bg7 4.Nc3 O-O 5.e4 d6 6.Be2 Na6 7.O-O e5 8.Re1 c6
9.h3 exd4 10.Nxd4 Re8 11.Bf3 h6 12.Bf4 Nh7 13.Qd2 Ng5 14.h4 Nxf3+ 15.Nxf3 Bg4
16.Qxd6 Bxf3 17.Qxd8 Raxd8 18.gxf3 Nb4 19.Red1 Nd3 20.Bc7 Rd7 21.Rd2 h5 22.Bg3 Bh6
23.f4 f5 24.f3 Kf7 25.Rad1 Red8 26.Ne2 Ke8 27.Kf1 Nxb2 28.Rxd7 Rxd7 29.Rxd7 Kxd7
30.exf5 gxf5 31.Nd4 Nxc4 32.Nxf5 Bf8 33.Bf2 c5 34.Ng3 Ke6 35.Nxh5 Kf5 36.Ke2 b6
37.Be3 Nd6 38.Ng3+ Ke6 39.h5 Nf5 40.Nxf5 Kxf5 41.Kd3 b5 42.h6 c4+ 43.Kc3 Bxh6
44.Bxa7 Kxf4 45.a4 Bg7+ 46.Bd4 Bxd4+ 47.Kxd4 bxa4 48.Kxc4  1/2-1/2

[Event "Karvina op"]
[Site "Karvina"]
[Date "1992.??.??"]
[Round "9"]
[White "Bobrowska, Monika"]
[Black "Yezersky, Vladimir"]
[Result "1/2-1/2"]
[WhiteElo "2195"]
[BlackElo "2340"]

1.d4 Nf6 2.Nf3 g6 3.c4 Bg7 4.Nc3 O-O 5.e4 d6 6.Be2 e5 7.d5 a5 8.O-O Na6 9.Be3 Ng4
10.Bg5 f6 11.Bh4 Qe8 12.Nd2 f5 13.Bxg4 fxg4 14.Bg5 Bf6 15.Be3 Qe7 16.Nb3 b6
17.Qd2 Bd7 18.Rfb1 Nc5  1/2-1/2

[Event "Katowice op"]
[Site "Katowice"]
[Date "1992.??.??"]
[Round "4"]
[White "Gross, Stefan"]
[Black "Cvitan, Ognjen"]
[Result "0-1"]
[WhiteElo "2385"]
[BlackElo "2505"]

1.c4 g6 2.Nc3 Bg7 3.d4 Nf6 4.e4 d6 5.Nf3 O-O 6.Be2 e5 7.d5 a5 8.Be3 Ng4 9.Bg5 f6
10.Bh4 Na6 11.Nd2 Nh6 12.f3 Nf7 13.a3 Bd7 14.Rb1 Nc5 15.b3 Bh6 16.Bf2 f5
17.h4 Bf4 18.g3 Bh6 19.Qc2 Qb8 20.b4 axb4 21.axb4 fxe4 22.fxe4 Na4 23.Nd1 c5
24.bxc5 Nxc5 25.Nc3 Qc8 26.Nf1 Ra3 27.Nb5 Ra5 28.Ne3 b6 29.O-O Kg7 30.Nc3 Qa6
31.Ng4 Bxg4 32.Bxg4 Ra3 33.Rb4 Qa5 34.Rfb1 Nd8 35.Be1 Be3+ 36.Kg2 h5 37.Be2 Bd4
38.Rb5 Rxc3 39.Bxc3 Rf2+ 40.Kh3 Qxc3 41.Qxc3 Bxc3  0-1

[Event "Katowice op"]
[Site "Katowice"]
[Date "1992.??.??"]
[Round "4"]
[White "Kopjonkin, Gennady"]
[Black "Schmidt, Wlodzimierz"]
[Result "1/2-1/2"]
[WhiteElo "2300"]
[BlackElo "2465"]

1.d4 Nf6 2.Nf3 g6 3.c4 Bg7 4.Nc3 O-O 5.e4 d6 6.Be2 e5 7.d5 a5 8.Bg5 h6 9.Bh4 Na6
10.Nd2 Qe8 11.a3 Bd7 12.b3 Nh7 13.Rb1 h5 14.f3 Bh6 15.Bf2 Nc5 16.Qc2 Qe7
17.h4 f5 18.Bd3 Nf6 19.O-O f4 20.Rfc1 Nxd3 21.Qxd3 g5 22.hxg5 Bxg5 23.Kf1 h4
24.Ke2 Nh5 25.Kd1 b6 26.Kc2 Ng3 27.b4  1/2-1/2

[Event "Katowice op"]
[Site "Katowice"]
[Date "1992.??.??"]
[Round "8"]
[White "Przewoznik, Jan"]
[Black "Renet, Olivier"]
[Result "1/2-1/2"]
[WhiteElo "2415"]
[BlackElo "2495"]

1.Nf3 Nf6 2.c4 g6 3.Nc3 Bg7 4.e4 d6 5.d4 O-O 6.Be2 e5 7.Be3 c6 8.dxe5 dxe5
9.Qxd8 Rxd8 10.O-O Na6 11.Rfd1 Re8 12.h3 Bf8 13.Nd2 Nc5 14.a3 Ne6 15.Nf3 Bc5
16.Bxc5 Nxc5 17.Nd2 a5 18.b4 Ne6 19.c5 Nd4 20.Bd3 Be6 21.Nc4 Nc2 22.Bxc2 Bxc4
23.Na4 axb4 24.axb4 Red8 25.Nb6 Rxa1 26.Rxa1 Bb5  1/2-1/2

[Event "Kecskemet"]
[Site "Kecskemet"]
[Date "1992.??.??"]
[Round "2"]
[White "Groszpeter, Attila"]
[Black "Weindl, Alfred"]
[Result "1-0"]
[WhiteElo "2495"]
[BlackElo "2365"]

1.d4 Nf6 2.Nf3 g6 3.c4 Bg7 4.Nc3 O-O 5.e4 d6 6.Be2 e5 7.O-O Na6 8.Re1 c6
9.Bf1 Qe7 10.c5 dxc5 11.dxe5 Ng4 12.Bxa6 bxa6 13.Qd6 Re8 14.Bg5 Qb7 15.Rab1 Nxe5
16.Nxe5 Bxe5 17.Qxc5 Qc7 18.h3 Be6 19.Qa3 Rab8 20.Rec1 Qb7 21.Be3 Qb4 22.Qxb4 Rxb4
23.b3 Bd4 24.Bxd4 Rxd4 25.Rb2 Red8 26.Rbc2 c5 27.Na4 c4 28.bxc4 Rxe4 29.Nc5 Re5
30.Nxa6 Bf5 31.Rb2 Ra5 32.Nc7 Rc8 33.Nb5 Bd3 34.Rc3 Bf5 35.Nd6 Rc6 36.Nxf5 Rxf5
37.Rb7 Rf4 38.c5 Rf5 39.Rb5 Ra6 40.c6 Rxc6 41.Rb8+  1-0

[Event "Kecskemet"]
[Site "Kecskemet"]
[Date "1992.??.??"]
[Round "6"]
[White "Schlosser, Philipp"]
[Black "Weindl, Alfred"]
[Result "1-0"]
[WhiteElo "2485"]
[BlackElo "2365"]

1.d4 Nf6 2.Nf3 g6 3.c4 Bg7 4.Nc3 O-O 5.e4 d6 6.Be2 e5 7.O-O Nbd7 8.Qc2 c6
9.Rd1 Qe7 10.d5 c5 11.g3 Kh8 12.Bg5 a6 13.Re1 Qe8 14.Nh4 Ng8 15.Bd2 Qe7 16.Ng2 f5
17.exf5 gxf5 18.f4 e4 19.g4 b5 20.cxb5 axb5 21.Bxb5 Bd4+ 22.Be3 Nh6 23.g5 Ng4
24.Bxd4+ cxd4 25.Ne2 Nde5 26.fxe5 dxe5 27.h3 Qa7 28.b4 d3+ 29.Qc5 Qg7 30.Ng3 Rg8
31.hxg4 Qxg5 32.d6 Qxg4 33.Qxe5+ Rg7 34.a4 Bb7 35.Re3 Rf8 36.d7  1-0

[Event "Kecskemet3"]
[Site "Kecskemet"]
[Date "1992.??.??"]
[Round "12"]
[White "Gyimesi, Zoltan"]
[Black "Habibi, Ali"]
[Result "1-0"]
[WhiteElo "2230"]
[BlackElo "2380"]

1.d4 Nf6 2.c4 g6 3.Nc3 Bg7 4.e4 d6 5.Nf3 O-O 6.Be2 e5 7.O-O Nbd7 8.Re1 h6
9.h3 Kh7 10.Be3 a5 11.Qc2 c6 12.Rad1 Re8 13.c5 exd4 14.Bxd4 dxc5 15.Bxc5 b6
16.Bd6 b5 17.e5 Ng8 18.Nd4 Qb6 19.Bf3 Bb7 20.Qb3 f5 21.Qf7 Nf8 22.Ndxb5 Ne6
23.Nc7 Nxc7 24.Qxc7 Qxc7 25.Bxc7 Re7 26.Bd6 Ree8 27.Nb5 cxb5 28.Bxb7 Rad8
29.Bc6 Rxe5 30.Bxe5 Rxd1 31.Rxd1 Bxe5 32.b3 Nf6 33.Bxb5 h5 34.Bc6 g5 35.a3 g4
36.b4 axb4 37.axb4 Kg6 38.b5 Bc7 39.Ra1 h4 40.Ra6 Kg5 41.b6 Be5 42.Ra5 Bd4
43.b7  1-0

[Event "JUG-ch"]
[Site "Kladovo"]
[Date "1992.??.??"]
[Round "4"]
[White "Farkas, Tibor"]
[Black "Ristic, Nebojsa"]
[Result "1/2-1/2"]
[WhiteElo "2370"]
[BlackElo "2410"]

1.d4 Nf6 2.c4 g6 3.Nc3 Bg7 4.e4 O-O 5.Nf3 d6 6.Be2 e5 7.O-O exd4 8.Nxd4 Re8
9.f3 c6 10.Nc2 Be6 11.Ne3 Na6 12.Rb1 Nc7 13.f4 d5 14.e5 Nd7 15.cxd5 cxd5
16.Nb5 Nxb5 17.Bxb5 a6 18.Bxd7 Qxd7 19.Qd4 Rf8 20.Bd2 f6 21.Bb4 fxe5 22.fxe5 Rxf1+
23.Rxf1 Rd8 24.a3 h5 25.Ba5 Rc8 26.Rd1 Qb5 27.Bc3 Rd8 28.a4 Qe8 29.Qb6 Rd7
30.Re1 Kh7 31.a5 Rf7  1/2-1/2

[Event "JUG-ch"]
[Site "Kladovo"]
[Date "1992.??.??"]
[Round "9"]
[White "Maksimovic, Branimir"]
[Black "Tosic, Miroslav"]
[Result "1/2-1/2"]
[WhiteElo "2325"]
[BlackElo "2435"]

1.Nf3 Nf6 2.d4 g6 3.c4 Bg7 4.Nc3 O-O 5.e4 d6 6.Be2 c6 7.O-O e5 8.Rb1 Qe7
9.d5 a5 10.a3 Bd7 11.b4 axb4 12.axb4 cxd5 13.cxd5 Rc8 14.Qb3 Nh5 15.g3 Bg4
16.Re1 Nd7 17.Bg5 Qf8 18.Nd2 Bxe2 19.Rxe2 Nb6 20.Be3 Qd8 21.Ree1 Nf6 22.f3 h5
23.Ra1 Rxa1 24.Rxa1 Nh7 25.Kg2 Bf6 26.Nd1 Bg5 27.Ra2 Qc7 28.Bxg5 Nxg5 29.h4 Nh7
30.Ne3 Qc1 31.Rc2 Qe1 32.Rxc8+ Nxc8 33.Nef1 Qe2+ 34.Kg1 Nb6 35.Qc3  1/2-1/2

[Event "JUG-ch"]
[Site "Kladovo"]
[Date "1992.??.??"]
[Round "13"]
[White "Popov, Stevan"]
[Black "Stanojevic, Branko"]
[Result "1/2-1/2"]
[WhiteElo "2340"]
[BlackElo "2395"]

1.d4 Nf6 2.c4 g6 3.Nc3 Bg7 4.e4 d6 5.Nf3 O-O 6.Be2 e5 7.dxe5 dxe5 8.Qxd8 Rxd8
9.Bg5 Re8 10.O-O-O Na6 11.Ne1 Be6 12.f3 c6 13.Nc2 h6 14.Be3 Bf8 15.Rd2 Kg7
16.Rhd1 Bc5 17.Na4 Bxe3 18.Nxe3 Kf8 19.b3 Ke7  1/2-1/2